| 000 | 00757nam a2200289Ia 4500 | ||
|---|---|---|---|
| 003 | OSt | ||
| 005 | 20221007102146.0 | ||
| 006 | a|||||r|||| 00| 0 | ||
| 007 | ta | ||
| 008 | 221006b |||||||| |||| 00| 0 eng d | ||
| 020 | _a817341324X | ||
| 024 | _a9,571 | ||
| 037 | _cTextual | ||
| 040 |
_aLCO _cLCO _beng |
||
| 041 |
_2eng _aeng |
||
| 082 | _aZ2,193,16, P4 | ||
| 100 | _aVadackumchery J. | ||
| 245 | 0 | _aActivism, Accountability & Justice | |
| 250 | _a1st | ||
| 260 |
_aDelhi _bIndian Publishers Distributors India _c2004 |
||
| 300 | _a304 | ||
| 650 |
_a ACCOUNTABILITY _9704336 |
||
| 650 | _a JUSTICE | ||
| 650 |
_aACTIVISM _9704337 |
||
| 942 |
_hZ2,193,16, P4 _cTEXL |
||
| 999 |
_c1179134 _d1179134 |
||